[Event "Pardubice Czech op-E 34th"]
[Site "Pardubice"]
[Date "2023.07.15"]
[Round "4"]
[White "Parizek, Vojtech"]
[Black "Sedy, Pavel"]
[Result "0-1"]
[WhiteElo "2146"]
[BlackElo "2170"]
[PlyCount "138"]
[EventDate "2023.07.13"]
[EventType "team-swiss"]
[EventRounds "7"]
[EventCountry "CZE"]
[SourceTitle "CBM 215 Extra"]
[Source "ChessBase"]
[SourceDate "2023.09.30"]
[SourceVersion "1"]
[SourceVersionDate "2023.09.30"]
[SourceQuality "1"]
[WhiteTeam "Kobylisy"]
[BlackTeam "Vysehrad SK Sokol"]
[WhiteTeamCountry "DEN"]
[BlackTeamCountry "CZE"]

1. e4 e6 2. d4 d5 3. Nc3 Nf6 4. e5 Nfd7 5. f4 c5 6. Nf3 Nc6 7. Be3 Be7 8. Qd2 a6 9. Be2 b5 10. a3 Bb7 11. 0-0 b4 12. axb4 cxd4 13. Nxd4 Bxb4 14. Nxc6 Bxc6 15. Bd4 0-0 16. Qe3 a5 17. Bd3 Qe7 18. Kh1 Bc5 19. Ne2 Rfb8 20. Ra2 Bb5 21. Rfa1 Bxd3 22. Qxd3 Qd8 23. Qc3 Bb4 24. Qe3 Nb6 25. b3 Nc8 26. c3 Bf8 27. b4 Nb6 28. Bxb6 Rxb6 29. Rxa5 Rc8 30. Ra6 Rb7 31. Ra7 Qd7 32. Rxb7 Qxb7 33. Qa7 Qb5 34. Qa6 Qd7 35. Qb6 Rc6 36. Qb5 Qc7 37. Ra8 d4 38. Nxd4 Rxc3 39. h3 Qc4 40. Rd8 g5 41. Qxc4 Rxc4 42. f5 Rxb4 43. f6 Rb1+ 44. Kh2 Rd1 45. Kg3 h5 46. Kf3 Rd2 47. Ke3 Rd1 48. Ke2 Rc1 49. Nf3 g4 50. Ne1 Rc5 51. Nd3 Rc2+ 52. Ke3 Rxg2 53. hxg4 h4 54. Kf3 Rd2 55. Ke3 Rd1 56. Ke2 Rg1 57. Nf2 Rg3 58. Rd3 Bc5 59. Ne4 Rxd3 60. Kxd3 h3 61. Ng3 Bf2 62. Nh1 Be1 63. Ke4 Kh7 64. Kf4 Kg6 65. g5 Kh5 66. g6 Kxg6 67. Kg4 h2 68. Kh3 Kf5 69. Kxh2 Kxe5 0-1

[Event "Pardubice Czech op-E 34th"]
[Site "Pardubice"]
[Date "2023.07.15"]
[Round "5"]
[White "Sykora, Marek1111"]
[Black "Sedy, Pavel"]
[Result "1-0"]
[WhiteElo "2221"]
[BlackElo "2170"]
[PlyCount "77"]
[EventDate "2023.07.13"]
[EventType "team-swiss"]
[EventRounds "7"]
[EventCountry "CZE"]
[SourceTitle "CBM 215 Extra"]
[Source "ChessBase"]
[SourceDate "2023.09.30"]
[SourceVersion "1"]
[SourceVersionDate "2023.09.30"]
[SourceQuality "1"]
[WhiteTeam "Turnov Zikuda Juniors"]
[BlackTeam "Vysehrad SK Sokol"]
[WhiteTeamCountry "CZE"]
[BlackTeamCountry "CZE"]

1. e4 e6 2. d4 d5 3. e5 c5 4. c3 Qb6 5. Nf3 Bd7 6. Be2 Bb5 7. 0-0 Bxe2 8. Qxe2 Nc6 9. Be3 c4 10. Qc2 h6 11. Nbd2 Nge7 12. b3 Qa6 13. bxc4 dxc4 14. a4 Nd5 15. Ne4 Be7 16. Rfb1 Na5 17. Nfd2 Qc6 18. Ra2 b6 19. Nf1 0-0-0 20. Bc1 f5 21. exf6 gxf6 22. Ne3 Nc7 23. f3 f5 24. Nd2 Rhg8 25. Qd1 Bg5 26. Ndf1 h5 27. Nc2 Bf6 28. Nb4 Qd7 29. Qe2 Rg6 30. Bf4 Nd5 31. Nxd5 exd5 32. Ne3 Rf8 33. Rb5 Re8 34. Rxd5 Rxe3 35. Rxd7 Rxe2 36. Rc7+ Kd8 37. Rxe2 Bg5 38. Be5 Nc6 39. Rh7 1-0

[Event "CZE-chT2C 2223"]
[Site "Czech Republic"]
[Date "2023.02.05"]
[Round "8.6"]
[White "Jina, Jiri"]
[Black "Sedy, Pavel"]
[Result "0-1"]
[WhiteElo "2099"]
[BlackElo "2151"]
[PlyCount "34"]
[EventDate "2022.10.16"]
[EventType "team-tourn"]
[EventRounds "11"]
[EventCountry "CZE"]
[SourceTitle "EXT 2024"]
[Source "ChessBase"]
[SourceDate "2023.10.10"]
[SourceVersion "1"]
[SourceVersionDate "2023.10.10"]
[SourceQuality "1"]
[WhiteTeam "Ceska Lipa"]
[BlackTeam "Vysehrad"]
[WhiteTeamCountry "CZE"]
[BlackTeamCountry "CZE"]

1. Nf3 d5 2. g3 e6 3. Bg2 Bd6 4. 0-0 Nd7 5. c4 c6 6. d3 Ngf6 7. Nc3 0-0 8. cxd5 exd5 9. e4 dxe4 10. dxe4 Ne5 11. Nh4 Bc5 12. Nf5 Nfg4 13. Bh3 Nxf2 14. Rxf2 Nd3 15. Be3 Bxe3 16. Nxe3 Nxf2 17. Kxf2 Bxh3 0-1

[Event "CZE-chT2C 2223"]
[Site "Czech Republic"]
[Date "2022.12.18"]
[Round "5.5"]
[White "Zahorbensky, Jaroslav"]
[Black "Sedy, Pavel"]
[Result "0-1"]
[WhiteElo "2077"]
[BlackElo "2151"]
[PlyCount "144"]
[EventDate "2022.10.16"]
[EventType "team-tourn"]
[EventRounds "11"]
[EventCountry "CZE"]
[SourceTitle "EXT 2024"]
[Source "ChessBase"]
[SourceDate "2023.10.10"]
[SourceVersion "1"]
[SourceVersionDate "2023.10.10"]
[SourceQuality "1"]
[WhiteTeam "Bakov nad Jizerou"]
[BlackTeam "Vysehrad"]
[WhiteTeamCountry "CZE"]
[BlackTeamCountry "CZE"]

1. e4 e6 2. Nf3 d5 3. Nc3 Nf6 4. Qe2 d4 5. Nb1 c5 6. e5 Nd5 7. g3 Bd7 8. c4 d3 9. Qxd3 Nb4 10. Qc3 Bc6 11. Be2 Nd3+ 12. Qxd3 Qxd3 13. Bxd3 Bxf3 14. 0-0 Nc6 15. Re1 Nb4 16. Re3 0-0-0 17. Rxf3 Nxd3 18. Na3 Nxe5 19. Re3 Nd3 20. Kf1 Nxc1 21. Rxc1 Rxd2 22. Re2 Rd7 23. Ke1 Be7 24. Rd1 Rhd8 25. Red2 Bf6 26. Rxd7 Rxd7 27. Rxd7 Kxd7 28. b3 Bb2 29. Nc2 e5 30. f3 f5 31. Ke2 Ke6 32. Kd3 Bc1 33. Ne1 h5 34. h3 Kf6 35. Ng2 g6 36. Kc2 Bh6 37. Kd3 Ke6 38. Ne1 Bf8 39. Ng2 Bd6 40. Ke3 e4 41. f4 g5 42. h4 gxh4 43. Nxh4 Be7 44. Ng2 Bf6 45. Ke2 Bd4 46. Nh4 Bf6 47. Ng2 Kf7 48. Ne3 Kg6 49. Kf1 h4 50. gxh4 Bxh4 51. Kg2 Bf6 52. Kg3 Bd4 53. Nd5 Kf7 54. Kg2 Ke6 55. Kg3 Kd6 56. Kg2 b5 57. Kg3 bxc4 58. bxc4 Bb2 59. Kg2 Bc1 60. Kg3 Bd2 61. Kf2 Ke6 62. Kg3 Kf7 63. Kg2 Kg6 64. Kg3 Be1+ 65. Kh3 Bf2 66. Kg2 Bh4 67. Kh3 Kh5 68. Ne3 Bf2 69. Nxf5 e3 70. Kg2 Kg4 71. Ng7 Bh4 72. Kf1 Kf3 0-1

[Event "CZE-chT2C 2223"]
[Site "Czech Republic"]
[Date "2022.11.06"]
[Round "2.7"]
[White "Sedy, Pavel"]
[Black "Vokolek, Jaroslav"]
[Result "1-0"]
[WhiteElo "2151"]
[BlackElo "1892"]
[PlyCount "79"]
[EventDate "2022.10.16"]
[EventType "team-tourn"]
[EventRounds "11"]
[EventCountry "CZE"]
[SourceTitle "EXT 2024"]
[Source "ChessBase"]
[SourceDate "2023.10.10"]
[SourceVersion "1"]
[SourceVersionDate "2023.10.10"]
[SourceQuality "1"]
[WhiteTeam "Vysehrad"]
[BlackTeam "Kutna Hora"]
[WhiteTeamCountry "CZE"]
[BlackTeamCountry "CZE"]

1. e4 c5 2. Nf3 g6 3. c4 Nc6 4. d4 cxd4 5. Nxd4 Nf6 6. Nc3 d6 7. Be2 Nxd4 8. Qxd4 Bg7 9. Be3 0-0 10. Qd1 Bd7 11. 0-0 Bc6 12. f3 b6 13. Qd2 Qc7 14. Rfc1 Rac8 15. Bf1 Nd7 16. Nd5 Bxd5 17. cxd5 Qb7 18. Bb5 Nb8 19. a4 Rxc1+ 20. Rxc1 Rc8 21. b4 a6 22. Bd3 Nd7 23. f4 Kf8 24. Rc2 Ke8 25. Qc1 Rxc2 26. Qxc2 Nb8 27. b5 a5 28. Be2 Kd8 29. Bg4 Bf6 30. Kf1 Nd7 31. Bxd7 Kxd7 32. Ke2 e6 33. Qc6+ Qxc6 34. bxc6+ Kc7 35. Kd3 Bb2 36. Kc4 Ba3 37. Kb5 Bc5 38. Bxc5 dxc5 39. d6+ Kxd6 40. Kxb6 1-0

[Event "Ricany op 20th"]
[Site "Ricany"]
[Date "2022.08.31"]
[Round "6"]
[White "Bezdek, Tomas"]
[Black "Sedy, Pavel"]
[Result "1-0"]
[WhiteElo "2034"]
[BlackElo "2177"]
[PlyCount "39"]
[EventDate "2022.08.27"]
[EventType "swiss"]
[EventRounds "9"]
[EventCountry "CZE"]
[SourceTitle "CBM 210 Extra"]
[Source "ChessBase"]
[SourceDate "2022.11.30"]
[SourceVersion "1"]
[SourceVersionDate "2022.11.30"]
[SourceQuality "1"]

1. e4 e6 2. d4 d5 3. Nc3 Nf6 4. Bg5 Be7 5. e5 Nfd7 6. Bxe7 Qxe7 7. f4 a6 8. Nf3 c5 9. Qd2 Nc6 10. dxc5 Nxc5 11. a3 0-0 12. Qe3 b5 13. b4 Nd7 14. Bd3 f6 15. Ne2 fxe5 16. fxe5 Ncxe5 17. Nxe5 Qf6 18. Qh3 Nxe5 19. Qxh7+ Kf7 20. Rf1 1-0

[Event "CZE-chT2A 1920"]
[Site "Czech Republic"]
[Date "2020.02.09"]
[Round "8.5"]
[White "Sedy, Pavel"]
[Black "Vlach, Martin"]
[Result "1-0"]
[WhiteElo "2173"]
[BlackElo "1915"]
[PlyCount "75"]
[EventDate "2019.10.13"]
[EventType "team-tourn"]
[EventRounds "11"]
[EventCountry "CZE"]
[SourceTitle "EXT 2024"]
[Source "ChessBase"]
[SourceDate "2023.10.10"]
[SourceVersion "1"]
[SourceVersionDate "2023.10.10"]
[SourceQuality "1"]
[WhiteTeam "Vysehrad II"]
[BlackTeam "Strakonice"]
[WhiteTeamCountry "CZE"]
[BlackTeamCountry "CZE"]

1. e4 c5 2. Nc3 g6 3. g3 Bg7 4. Bg2 d6 5. Nge2 Nc6 6. d3 Nf6 7. h3 0-0 8. Be3 Rb8 9. Qd2 b5 10. Bh6 b4 11. Nd5 e6 12. Bxg7 Kxg7 13. Ne3 d5 14. Ng4 dxe4 15. Qh6+ Kg8 16. 0-0-0 Nd4 17. Nxd4 Qxd4 18. dxe4 Nxg4 19. hxg4 Qg7 20. Qe3 Bb7 21. Rd7 Rfc8 22. Rhd1 Qf8 23. g5 a5 24. Qf4 Rd8 25. Qc7 Rdc8 26. Qf4 Rd8 27. Bf1 Rxd7 28. Rxd7 Bc6 29. Rxf7 Qxf7 30. Qxb8+ Qf8 31. Qxf8+ Kxf8 32. e5 Ke7 33. Bc4 Be4 34. Kd2 Kd7 35. c3 Bg2 36. Ke3 Ke7 37. f3 a4 38. a3 1-0

[Event "CZE-chT2A 1819"]
[Site "Czech Republic"]
[Date "2018.10.14"]
[Round "1.8"]
[White "Sedy, Pavel"]
[Black "Eret, Matous"]
[Result "1/2-1/2"]
[WhiteElo "2116"]
[BlackElo "2173"]
[PlyCount "72"]
[EventDate "2018.10.14"]
[EventType "team-tourn"]
[EventRounds "11"]
[EventCountry "CZE"]
[SourceTitle "EXT 2022"]
[Source "ChessBase"]
[SourceDate "2021.10.06"]
[SourceVersion "1"]
[SourceVersionDate "2021.10.06"]
[SourceQuality "1"]
[WhiteTeam "Vysehrad II"]
[BlackTeam "Klatovy"]
[WhiteTeamCountry "CZE"]
[BlackTeamCountry "CZE"]

1. e4 c5 2. Nc3 e6 3. f4 a6 4. Nf3 b5 5. d4 cxd4 6. Nxd4 Bb7 7. Bd3 d6 8. 0-0 Nf6 9. a3 Be7 10. Be3 Nbd7 11. Nb3 Qc7 12. Qe2 Nc5 13. Nxc5 dxc5 14. e5 c4 15. Bf5 Nd5 16. Nxd5 Bxd5 17. Bg4 0-0 18. c3 a5 19. Bd4 Bc5 20. Rad1 b4 21. Qe3 Bxd4 22. Rxd4 bxa3 23. bxa3 Qe7 24. f5 exf5 25. Bxf5 Be6 26. Bc2 Rfd8 27. Rfd1 Rxd4 28. Qxd4 g6 29. Be4 Rc8 30. Qd6 Qa7+ 31. Rd4 Qb8 32. h4 Qb2 33. h5 Qc1+ 34. Kh2 Qf4+ 35. Kg1 Qe3+ 36. Kh2 Qf4+ 1/2-1/2

[Event "CZE-chT2C 1415"]
[Site "Czech Republic"]
[Date "2015.04.19"]
[Round "11.8"]
[White "Sedy, Pavel"]
[Black "Kovarova, Oxana"]
[Result "1-0"]
[WhiteElo "2052"]
[BlackElo "1691"]
[PlyCount "53"]
[EventDate "2014.11.02"]
[EventType "team-tourn"]
[EventRounds "11"]
[EventCountry "CZE"]
[SourceTitle "EXT 2022"]
[Source "ChessBase"]
[SourceDate "2021.10.06"]
[SourceVersion "1"]
[SourceVersionDate "2021.10.06"]
[SourceQuality "1"]
[WhiteTeam "Vysehrad II"]
[BlackTeam "Praha Kobylisy II"]
[WhiteTeamCountry "CZE"]
[BlackTeamCountry "CZE"]

1. e4 e5 2. Nf3 Nc6 3. Bb5 f5 4. d3 Nf6 5. 0-0 d6 6. Re1 fxe4 7. dxe4 Bg4 8. c3 Qd7 9. Nbd2 0-0-0 10. Qa4 Bxf3 11. Nxf3 Be7 12. Be3 a6 13. Rad1 Qe8 14. Bc4 Nd4 15. Qa5 Nxf3+ 16. gxf3 Qc6 17. Be6+ Kb8 18. c4 Rhe8 19. b4 b5 20. Rc1 Qb7 21. cxb5 axb5 22. Rc6 Bf8 23. Rec1 Re7 24. Bh3 d5 25. R6c5 Rd6 26. Rxb5 Rb6 27. Bxb6 1-0

[Event "Pardubice Czech op-A 25th"]
[Site "Pardubice"]
[Date "2014.07.19"]
[Round "2"]
[White "Sedy, Pavel"]
[Black "Braeuer, Franz"]
[Result "1/2-1/2"]
[WhiteElo "2079"]
[BlackElo "2317"]
[PlyCount "104"]
[EventDate "2014.07.18"]
[EventType "swiss"]
[EventRounds "9"]
[EventCountry "CZE"]
[SourceTitle "CBM 161 Extra"]
[Source "ChessBase"]
[SourceDate "2014.08.29"]
[SourceVersion "1"]
[SourceVersionDate "2014.08.29"]
[SourceQuality "1"]

1. e4 c5 2. Nf3 d6 3. d4 cxd4 4. Nxd4 Nf6 5. Bd3 e5 6. Nf3 Be7 7. c4 h6 8. Nc3 Be6 9. 0-0 0-0 10. Nh4 Nbd7 11. Nf5 Nc5 12. Nd5 Bxf5 13. exf5 Nxd5 14. cxd5 Bg5 15. b4 Nd7 16. Bb2 Qc7 17. g3 Rfc8 18. h4 Bf6 19. Qb3 a5 20. Rfc1 Qd8 21. Bb5 axb4 22. Rxc8 Rxc8 23. Qxb4 Nc5 24. Rd1 e4 25. Bc1 Be5 26. Be3 Qf6 27. Be2 Qxf5 28. Rc1 Rc7 29. Qb6 Qd7 30. Bxc5 dxc5 31. Rxc5 e3 32. Rxc7 exf2+ 33. Qxf2 Bxc7 34. Bf3 Qh3 35. Bg2 Qxg3 36. Qxg3 Bxg3 37. h5 Bd6 38. Be4 Kf8 39. Kg2 Ke7 40. Kf3 Kf6 41. Kg4 Ke5 42. Bc2 Kf6 43. Bd3 g5 44. a4 b6 45. Bc2 Ke5 46. Bb1 f6 47. Bc2 Bb4 48. Bb1 Bc3 49. Bc2 Kxd5 50. Kf5 Kd4 51. Bd1 Ke3 52. Bg4 Bd4 1/2-1/2

[Event "CZE-chT2C 1213"]
[Site "Czech Republic"]
[Date "2013.02.03"]
[Round "8.3"]
[White "Sedy, Pavel"]
[Black "Smid, Miroslav"]
[Result "1/2-1/2"]
[WhiteElo "2137"]
[BlackElo "2126"]
[PlyCount "63"]
[EventDate "2012.10.14"]
[EventType "team-tourn"]
[EventRounds "11"]
[EventCountry "CZE"]
[SourceTitle "EXT 2015"]
[Source "ChessBase"]
[SourceDate "2014.11.20"]
[SourceVersion "1"]
[SourceVersionDate "2014.11.20"]
[SourceQuality "1"]
[WhiteTeam "Vysehrad II"]
[BlackTeam "Praha Bohemians II"]
[WhiteTeamCountry "CZE"]
[BlackTeamCountry "CZE"]

1. e4 e5 2. Nf3 Nc6 3. d4 exd4 4. Bc4 Nf6 5. e5 d5 6. Bb5 Ne4 7. Nxd4 Bd7 8. Bxc6 bxc6 9. 0-0 Bc5 10. Be3 Qe7 11. f3 Nd6 12. Bf2 Nf5 13. Qd3 Nxd4 14. Bxd4 0-0 15. c3 Bb6 16. Bxb6 cxb6 17. f4 f6 18. exf6 Rxf6 19. Nd2 Re8 20. Rf2 h6 21. Nf1 Qc5 22. b4 Bf5 23. Qd2 Qd6 24. Ng3 Bg6 25. Raf1 Bf7 26. Ne2 c5 27. Nc1 d4 28. bxc5 bxc5 29. cxd4 Qxd4 30. Qxd4 cxd4 31. Rd1 Bc4 32. g3 1/2-1/2

[Event "CZE-chT2C 1213"]
[Site "Czech Republic"]
[Date "2013.01.06"]
[Round "6.3"]
[White "Sedy, Pavel"]
[Black "Bartos, Alois"]
[Result "0-1"]
[WhiteElo "2137"]
[BlackElo "2074"]
[PlyCount "76"]
[EventDate "2012.10.14"]
[EventType "team-tourn"]
[EventRounds "11"]
[EventCountry "CZE"]
[SourceTitle "EXT 2015"]
[Source "ChessBase"]
[SourceDate "2014.11.20"]
[SourceVersion "1"]
[SourceVersionDate "2014.11.20"]
[SourceQuality "1"]
[WhiteTeam "Vysehrad II"]
[BlackTeam "Tabor II"]
[WhiteTeamCountry "CZE"]
[BlackTeamCountry "CZE"]

1. e4 c5 2. Nf3 d6 3. d4 cxd4 4. Nxd4 Nf6 5. Nc3 g6 6. Be3 Bg7 7. f3 0-0 8. Bc4 Nc6 9. a3 Bd7 10. 0-0 a6 11. Nd5 b5 12. Ba2 Rc8 13. Nxc6 Bxc6 14. c3 Nd7 15. Qe2 Re8 16. a4 Rb8 17. Nb4 Bb7 18. axb5 axb5 19. Ba7 Ra8 20. Qxb5 Qc7 21. Bd5 Bxd5 22. Nxd5 Qc8 23. Ra5 e6 24. Ne3 Ne5 25. Rfa1 Bh6 26. Nc2 Re7 27. Bd4 Rxa5 28. Qxa5 Nc4 29. Qa8 Re8 30. Qxc8 Rxc8 31. Ra2 e5 32. Bf2 Bc1 33. b4 Nd2 34. b5 Rxc3 35. b6 Rb3 36. Be3 Rb5 37. Ra1 Nb3 38. Bxc1 Nxa1 0-1

[Event "Litomysl op 14th"]
[Site "Litomysl"]
[Date "2012.12.27"]
[Round "2"]
[White "Sedy, Pavel"]
[Black "Sharashenidze, Akaki"]
[Result "0-1"]
[WhiteElo "2137"]
[BlackElo "2351"]
[PlyCount "102"]
[EventDate "2012.12.26"]
[EventType "swiss"]
[EventRounds "9"]
[EventCountry "CZE"]
[SourceTitle "EXT 2014"]
[Source "ChessBase"]
[SourceDate "2013.11.20"]
[SourceVersion "1"]
[SourceVersionDate "2013.11.20"]
[SourceQuality "1"]

1. e4 e5 2. d4 exd4 3. Nf3 Nc6 4. Nxd4 Nf6 5. Nxc6 bxc6 6. e5 Qe7 7. Qe2 Nd5 8. c4 Nb6 9. b3 d6 10. exd6 cxd6 11. Bb2 Be6 12. Nc3 Qg5 13. g3 d5 14. Bg2 Bb4 15. 0-0 Bxc3 16. Bxc3 0-0 17. c5 Nd7 18. Bd4 a5 19. Rae1 Qg6 20. Qd2 Rfb8 21. Re3 Rb5 22. Rc1 Nf6 23. Bxf6 Qxf6 24. Rf3 Qe5 25. Rf4 Qb8 26. Bf1 Rb4 27. Rd4 Ra7 28. Re1 g6 29. Re3 Rab7 30. Bc4 Ra7 31. Bf1 Ra8 32. Qc3 Rxd4 33. Qxd4 Qb4 34. Rd3 Bf5 35. Rd2 Re8 36. f3 Re1 37. g4 Bb1 38. Qxb4 axb4 39. Kf2 Rc1 40. Rb2 g5 41. Ba6 Bg6 42. Ke3 Rxc5 43. Kd4 Rc1 44. Ke5 Kg7 45. Bb7 Rc3 46. Rd2 f6+ 47. Kd6 Be8 48. Re2 Kf8 49. Re7 d4 50. Rc7 d3 51. Ke6 d2 0-1

[Event "CZE-chT2C 1213"]
[Site "Czech Republic"]
[Date "2012.12.16"]
[Round "5.3"]
[White "Petr, Jan"]
[Black "Sedy, Pavel"]
[Result "0-1"]
[WhiteElo "2155"]
[BlackElo "2137"]
[PlyCount "106"]
[EventDate "2012.10.14"]
[EventType "team-tourn"]
[EventRounds "11"]
[EventCountry "CZE"]
[SourceTitle "EXT 2015"]
[Source "ChessBase"]
[SourceDate "2014.11.20"]
[SourceVersion "1"]
[SourceVersionDate "2014.11.20"]
[SourceQuality "1"]
[WhiteTeam "Pankrac II"]
[BlackTeam "Vysehrad II"]
[WhiteTeamCountry "CZE"]
[BlackTeamCountry "CZE"]

1. e4 e5 2. Nf3 Nc6 3. Nc3 Nf6 4. Bb5 Bc5 5. 0-0 d6 6. d4 exd4 7. Nxd4 Bd7 8. Bxc6 bxc6 9. Bg5 h6 10. Bh4 a6 11. Qd3 g5 12. Bg3 Nh5 13. Nce2 Qf6 14. c3 Bb6 15. Rae1 Kf8 16. Kh1 c5 17. e5 dxe5 18. Nf3 Bf5 19. Qc4 Nxg3+ 20. Nxg3 Qe6 21. Qe2 f6 22. Nxe5 fxe5 23. Qf3 Kg7 24. Nxf5+ Kg6 25. Ng3 Rae8 26. Qe4+ Kf7 27. Nh5 c6 28. Re3 Bc7 29. Rf3+ Ke7 30. Ng7 Qd5 31. Qg4 Ref8 32. c4 Qd7 33. Nf5+ Kd8 34. Qe4 Kc8 35. Ng3 Rf4 36. Rxf4 exf4 37. Nh5 Re8 38. Qc2 Qf7 39. Qd1 f3 40. Qxf3 Qxf3 41. gxf3 Re2 42. Kg2 Rxb2 43. Re1 Rxa2 44. Re6 a5 45. Rxc6 a4 46. Nf6 Kb7 47. Rxc5 Bb6 48. Rb5 a3 49. Ne4 Rc2 50. Rb3 a2 51. Ra3 Bd4 52. Nd6+ Kb6 53. Nb5 a1Q 0-1

[Event "Ricany op"]
[Site "Ricany"]
[Date "2012.08.26"]
[Round "1"]
[White "Sedy, Pavel"]
[Black "Konvalinka, Vladislav"]
[Result "1/2-1/2"]
[WhiteElo "2155"]
[BlackElo "1908"]
[PlyCount "117"]
[EventDate "2012.08.26"]
[EventType "swiss"]
[EventRounds "9"]
[EventCountry "CZE"]
[SourceTitle "CBM 150 Extra"]
[Source "ChessBase"]
[SourceDate "2012.10.19"]
[SourceVersion "1"]
[SourceVersionDate "2012.10.19"]
[SourceQuality "1"]

1. e4 e6 2. d4 d5 3. Nc3 Nf6 4. Bg5 Be7 5. e5 Nfd7 6. Bxe7 Qxe7 7. Qg4 g6 8. 0-0-0 Nc6 9. h4 h5 10. Qf4 Nb6 11. g4 hxg4 12. Qxg4 Bd7 13. Nf3 0-0-0 14. h5 gxh5 15. Rxh5 Rxh5 16. Qxh5 Be8 17. Qh6 Na5 18. Nd2 Na4 19. Nxa4 Bxa4 20. Qe3 Bd7 21. Be2 f6 22. exf6 Qxf6 23. f4 Rf8 24. Rf1 Nc6 25. Nb3 a6 26. c3 Ne7 27. Bd3 Ng6 28. Bxg6 Qxg6 29. Nc5 b6 30. Nd3 Qg2 31. Rg1 Qh2 32. Re1 Rh8 33. Ne5 Rh3 34. Qd2 Qg3 35. Nxd7 Kxd7 36. Re2 Rh1+ 37. Kc2 Rf1 38. Rg2 Qxf4 39. Qxf4 Rxf4 40. Rh2 Rf5 41. Rg2 e5 42. dxe5 Rxe5 43. Rh2 Kd6 44. Kd3 c5 45. Rh6+ Re6 46. Rh5 b5 47. Rg5 c4+ 48. Kd2 a5 49. Rg8 Kc5 50. a3 d4 51. Rg5+ Kc6 52. cxd4 Rh6 53. Rg3 Rh1 54. Kc2 b4 55. axb4 axb4 56. Rg5 Rh2+ 57. Kc1 c3 58. bxc3 bxc3 59. Rc5+ 1/2-1/2

[Event "Pardubice Czech op-A 23rd"]
[Site "Pardubice"]
[Date "2012.07.25"]
[Round "6"]
[White "Prandstetter, Eduard"]
[Black "Sedy, Pavel"]
[Result "1-0"]
[WhiteElo "2282"]
[BlackElo "2144"]
[PlyCount "143"]
[EventDate "2012.07.12"]
[EventType "swiss"]
[EventRounds "9"]
[EventCountry "CZE"]
[SourceTitle "CBM 149 Extra"]
[Source "ChessBase"]
[SourceDate "2012.08.24"]
[SourceVersion "1"]
[SourceVersionDate "2012.08.24"]
[SourceQuality "1"]

1. e4 e5 2. Nf3 Nc6 3. Bb5 Nf6 4. 0-0 d6 5. d4 exd4 6. Nxd4 Bd7 7. Nc3 Nxd4 8. Bxd7+ Qxd7 9. Qxd4 Be7 10. Bf4 0-0 11. Qd3 Qg4 12. Be3 c6 13. f4 Nd7 14. Rad1 Qh5 15. Rf3 f5 16. Rh3 Qf7 17. Re1 g6 18. exf5 Qxf5 19. Qd2 Rfe8 20. Bd4 Bf6 21. Rhe3 Rxe3 22. Qxe3 Rf8 23. g3 Bxd4 24. Qxd4 Qc5 25. Qxc5 Nxc5 26. b4 Nd7 27. Ne4 Re8 28. Kf2 Re6 29. Ng5 Rxe1 30. Kxe1 Nf6 31. Ne6 Nd5 32. a3 Ne3 33. c3 Nc2+ 34. Kd2 Nxa3 35. Nd8 Kf8 36. Nxb7 Ke7 37. Na5 Kd7 38. Kd3 Nb5 39. c4 Nc7 40. g4 d5 41. c5 Na6 42. Kc3 Nb8 43. Nb3 Na6 44. Nd4 Nc7 45. f5 gxf5 46. gxf5 a6 47. Kd3 Nb5 48. Nf3 Ke7 49. Ne5 Kf6 50. Nxc6 Kxf5 51. Nb8 Nc7 52. Nd7 Nb5 53. h3 h5 54. Nb8 Nc7 55. Nc6 h4 56. Ke3 Nb5 57. Ne7+ Ke6 58. Ng6 Nc3 59. Nf4+ Ke5 60. Nd3+ Ke6 61. Kf4 d4 62. Kg4 Kd5 63. Kxh4 Kc4 64. c6 Nb5 65. Nc1 Kd5 66. Kg5 Kxc6 67. h4 Kd7 68. h5 Nd6 69. Kf6 Ke8 70. h6 Kf8 71. h7 Nf7 72. Nd3 1-0

[Event "Ostrava Konik op-A"]
[Site "Ostrava"]
[Date "2012.05.01"]
[Round "4"]
[White "Zalesky, Karel"]
[Black "Sedy, Pavel"]
[Result "1/2-1/2"]
[WhiteElo "2116"]
[BlackElo "2178"]
[PlyCount "124"]
[EventDate "2012.04.28"]
[EventType "swiss"]
[EventRounds "9"]
[EventCountry "CZE"]
[SourceTitle "CBM 148 Extra"]
[Source "ChessBase"]
[SourceDate "2012.06.22"]
[SourceVersion "1"]
[SourceVersionDate "2012.06.22"]
[SourceQuality "1"]

1. e4 e5 2. Nf3 Nc6 3. Bb5 Bc5 4. d3 d6 5. Bxc6+ bxc6 6. Be3 Bxe3 7. fxe3 Nf6 8. 0-0 0-0 9. Nbd2 Rb8 10. b3 c5 11. Qe1 Qd7 12. h3 c6 13. Qh4 Ne8 14. Rf2 Nc7 15. Raf1 Ne6 16. Ng5 Nxg5 17. Qxg5 Ba6 18. Qg3 Qe7 19. Nf3 f6 20. Nh4 d5 21. Nf5 Qd7 22. Qf3 c4 23. exd5 cxd5 24. Qxd5+ Qxd5 25. Ne7+ Kf7 26. Nxd5 cxd3 27. c4 Bb7 28. e4 Bxd5 29. exd5 e4 30. Re1 Rfe8 31. Re3 Re5 32. Kf1 f5 33. g4 g6 34. Ke1 Ke7 35. Kd2 Kd6 36. gxf5 gxf5 37. Rg3 Rf8 38. Rf4 Kc5 39. Ke3 Kb4 40. Rg2 Kc3 41. h4 Rf6 42. h5 Rh6 43. Rh2 d2 44. Rxd2 Rxh5 45. Rdf2 Rh3+ 46. Ke2 Kd4 47. Rxf5 Rxf5 48. Rxf5 Rh2+ 49. Rf2 Rh6 50. Rg2 Ra6 51. a4 Rb6 52. Rg3 h5 53. Rh3 a5 54. d6 Rxd6 55. Rxh5 Rg6 56. Rxa5 Rg2+ 57. Kf1 Rb2 58. Rd5+ Kc3 59. c5 Kxb3 60. a5 Kc4 61. Rh5 Kb5 62. Re5 Kxa5 1/2-1/2